| 000 | 00636nam a2200205Ia 4500 | ||
|---|---|---|---|
| 003 | OSt | ||
| 005 | 20260429120704.0 | ||
| 008 | 210210b1990 xxu||||| |||| 00| 0 eng d | ||
| 040 | _cAL | ||
| 041 | _aKannada | ||
| 082 | _a954K SHRR | ||
| 100 |
_aSHRIDHARA MURTI (P S). _dಶ್ರೀಧರ ಮೂರ್ತಿ (ಪಿ ಎಸ್) _9263128 |
||
| 245 |
_aRama, Ramayana mattu babar. _bರಾಮ, ರಾಮಾಯಣ ಮತ್ತು ಬಾಬರ್ |
||
| 260 |
_aUllal. _bThamrinul Ikvan Associations., _c1990 |
||
| 300 | _a68 | ||
| 650 |
_aBabri Masjid _9263129 |
||
| 690 |
_aIndian History _9263130 |
||
| 906 | _a044174 | ||
| 942 |
_2ddc _cBK |
||
| 999 |
_c93556 _d93556 |
||